000 00408nam a2200181Ia 4500
005 20250423100414.0
008 250422s9999 xx 000 0 und d
020 _a0-13-066345-X
050 _aHD38.5.H365
100 _aMARK D .HANNA
245 0 _aOPERATIONAL MANAGEMENT
260 _aNEW JERSEY
260 _bPrentice hall
260 _c2003
300 _a560 p
650 _aCOMPUTER
942 _cBK
999 _c33206
_d33206